| 000 | 00318nam a2200121Ia 4500 | ||
|---|---|---|---|
| 008 | 190216s9999||||xx |||||||||||||| ||und|| | ||
| 100 | _aCharles Dickens | ||
| 245 | 4 | _aThe Life And Adventures Of Nicholous Nickleby | |
| 260 |
_bMacmillan _c1965 |
||
| 300 | _a188p | ||
| 650 | _aEnglish Novel-English Novel | ||
| 942 | _cBK | ||
| 999 |
_c11614 _d11614 |
||